Φορτώνει......
Raadhayevide?
| Κύριος συγγραφέας: | |
|---|---|
| Μορφή: | Printed Book |
| Έκδοση: |
Kottayam, DCB
1995
|
| LEADER | 003990000a22001330004500 | ||
|---|---|---|---|
| 040 | |a MAL | ||
| 082 | |a A1 SUG/RA N5 | ||
| 100 | |a Sugathakumari | ||
| 245 | |a Raadhayevide? | ||
| 260 | |a Kottayam, DCB | ||
| 260 | |c 1995 | ||
| 465 | |a R 22 | ||
| 999 | |c 20532 |d 20532 | ||
| 952 | |0 0 |1 0 |4 0 |6 A_000000000000000_1_SUGRA_N5 |7 0 |8 MAL |9 20347 |a MGUL |b MGUL |d 2013-07-16 |e R 22 |l 1 |o A1 SUG/RA N5 |p 25093 |r 2016-03-01 |s 2016-02-26 |w 2013-07-16 |y BK | ||